00540nam a2200157 a 450000100100000000500170001000800410002702000150006804000250008310000250010824500660013326000400019930000210023995201050026099900170036500004408720201002045134.0140515s1988 sp 000 0 spa d a8477540225 aDO-SdBNPbspacBNPHU1 aMesa, Roberto97208310aDemocracia y Política exterior en España /cRoberto Mesa. aMadrid :bEUDEMA Actualidad,c1988. a260 p. ;c19 cm. 001050718MOaGRbGRcCTd2014-05-15iLF1l0o p44087-10r2020-06-25w2020-06-25y1ZNo se presta c43576d43576